000 00576nam a22001817a 4500
003 CEME
005 20210628205205.0
008 210211b xxu||||| |||| 00| 0 eng d
020 _a0-87389-313-1
040 _c.
082 _a658.562 LAM'I
100 _aLamprecht, James L
_974345
245 _aIso-9000 and the service sector a critical interpretation of the 1994 revisions
260 _aASQC QUALITY PRESS
_c1994
300 _aXX, 265P
650 _aQUALITY ASSURANCE MANAGEMENT QUALITY CONTROL MANAGEMENT SERVICE INDUSTRIES QUALITY CONTROL
_974346
942 _cBK
_2ddc
999 _c579886
_d579886